000 00775cab a2200241 4500
001 WB3503-06
008 090401t1999 xxu||||| |||| 00| 0 eng d
035 _a(Sirsi) u90828
041 _aeng
245 _aStations revamp
260 _c1999
350 _a0
490 _aTimes
_v18 January 1999, 45(1)
520 _aRailtrack has announced a £48m investment programme for its non-track assets. The company is to apply for planning permission for the development of four stations, £26m alone will be spent on rebuilding Luton station.
650 _aLUTON STATION
650 _aRAILTRACK PROPERTY
650 _aRAILTRACK
650 _aRAILWAY STATIONS
650 _aTHAMESLINK
690 _aPROPERTY-COMMERCIAL PROPERTY
942 _n0
948 _c20/01/1999
999 _c57612
_d57612